| Tag |
First Indicator |
Second Indicator |
Subfields |
| LEADER |
00000cam a2200000 a 4500 |
| 001 |
in00001046310 |
| 005 |
20150929091957.0 |
| 008 |
810513s1980 txua s00010 eng d |
| 035 |
|
|
|a (OCoLC)07415644
|
| 035 |
|
|
|9 AFM0863AM
|
| 040 |
|
|
|a IKM
|c IKM
|d UtOrBLW
|
| 043 |
|
|
|a n-us-tx
|
| 049 |
|
|
|a IKMd
|
| 099 |
|
|
|a E2175.8
|a P941ens
|
| 110 |
2 |
|
|a Bywaters and Associates.
|
| 245 |
1 |
0 |
|a Procedures for energy savings calculations :
|b energy conservation grants program for schools, hospitals, units of local government and public care institutions /
|c [prepared for TENRAC by Bywaters & Associates and KVB, Incorporated].
|
| 250 |
|
|
|a 2nd ed.
|
| 264 |
|
1 |
|a Austin, Tex. :
|b Texas Energy and National Resources Advisory Council,
|c [1980]
|
| 300 |
|
|
|a 8 unnumbered pages, 78 pages :
|b illustrations ;
|c 28 cm.
|
| 336 |
|
|
|a text
|b txt
|2 rdacontent
|
| 337 |
|
|
|a unmediated
|b n
|2 rdamedia
|
| 338 |
|
|
|a volume
|b nc
|2 rdacarrier
|
| 500 |
|
|
|a "December 22, 1980."
|
| 504 |
|
|
|a Bibliography: pages 77-78.
|
| 650 |
|
0 |
|a Energy conservation
|z Texas.
|
| 650 |
|
0 |
|a Public institutions
|z Texas
|x Energy conservation.
|
| 710 |
2 |
|
|a Texas Energy and Natural Resources Advisory Council.
|
| 710 |
2 |
|
|a Bywaters and Associates.
|
| 710 |
2 |
|
|a KVB, inc.
|
| 999 |
|
|
|a MARS
|
| 999 |
f |
f |
|s d0efa7db-b672-3fe9-adcc-eb58aadc26a7
|i 6a4a00f9-63b1-3517-871b-b9486ecde527
|t 0
|
| 952 |
f |
f |
|p normal
|a Texas A&M University
|b College Station
|c Sterling C. Evans Library
|d Evans: Texas Documents (Annex 5th floor)
|t 0
|e E2175.8 P941ens
|h Superintendent of Documents classification
|i unmediated -- volume
|m A14819228191
|
| 998 |
f |
f |
|a E2175.8 P941ens
|t 0
|l Evans: Texas Documents (Annex 5th floor)
|